Latin American theory of development and underdevelopment / (Record no. 41739)

MARC details
000 -LEADER
campo de control de longitud fija 00910nam a2200193 4500
001 - NÚMERO DE CONTROL
campo de control 800
005 - FECHA Y HORA DE LA ÚLTIMA TRANSACCIÓN
campo de control 20230410115450.0
008 - DATOS DE LONGITUD FIJA--INFORMACIÓN GENERAL
campo de control de longitud fija 060907n1989 dr spa
035 ## - NÚMERO DE CONTROL DEL SISTEMA
-- funglode804
041 ## - CÓDIGO DE IDIOMA
Código de lengua del texto/banda sonora o título independiente EN
050 14 - SIGNATURA TOPOGRÁFICA DE LA BIBLIOTECA DEL CONGRESO
Número de clasificación HD 77.5.L29 K23l 1989
100 ## - ENTRADA PRINCIPAL--NOMBRE DE PERSONA
Nombre de persona Kay, Crístobal
245 1# - MENCIÓN DEL TÍTULO
Título Latin American theory of development and underdevelopment /
Mención de responsabilidad, etc. Crístobal Kay
260 ## - PUBLICACIÓN, DISTRIBUCIÓN, ETC.
Lugar de publicación, distribución, etc. London :
Nombre del editor, distribuidor, etc. Routledge,
Fecha de publicación, distribución, etc. 1989
300 ## - DESCRIPCIÓN FÍSICA
Extensión viii, 295 p. / 21 cm.
440 ## - MENCIÓN DE SERIE/PUNTO DE ACCESO ADICIONAL--TÍTULO
Título Development and underdevelopment
520 ## - RESUMEN, ETC.
Sumario, etc. The challenge from the periphery, 1. -- The structuralist school of development, 25. -- Internal colonialism : Ethnic and class relations, 58. -- Marginality : Social relations and capital accumulation, 88. -- Reformist and marxist approaches to dependency, 125. -- Dependency : Debates, critiques, and beyond, 163. -- The latin american contribution in perspective, 197
942 ## - ELEMENTOS DE ENTRADA SECUNDARIOS (KOHA)
Fuente del sistema de clasificación o colocación Clasificación de Library of Congress
Tipo de ítem Koha
Holdings
Estatus retirado Estado de pérdida Fuente del sistema de clasificación o colocación Estado de daño No para préstamo Colección Biblioteca de origen Biblioteca actual Ubicación en estantería Fecha de adquisición Serial enumeration / chronology Signatura topográfica completa Código de barras Visto por última vez Copia número Tipo de ítem Koha
    Clasificación de Library of Congress     Ciencias Sociales Biblioteca Juan Bosch Biblioteca Juan Bosch Ciencias Sociales (3er. Piso) 24/10/2018 1 HD 77.5.L29 K23l 1989 00020020367 24/10/2018 1